Culture Générale - Série 160 - Statistiques

Statistiques générales
  • Ce quiz a été pris 360 fois
  • Le résultat moyen est 6 sur 10
Statistiques - réponses
Question Réponse % Correct
Que mangez-vous si vous dégustez du morbier ? Fromage
95%
De quel pays l'Angola était-il une colonie jusqu'en 1975 ? Portugal
85%
Comment se sent le capitaine chanté par Gold en 1986 ? Abandonné
82%
Dans la série de dessins animés, quel animal essaye d'attraper le Bip Bip ? Coyote
76%
En mathématiques, quel terme désigne les chiffres placés après la virgule ? Décimales
73%
En astrologie, à quel élément est associé le signe du Scorpion ? Eau
67%
Quel comique fait un tube avec "La Zoubida", en 1991 ? Lagaf
63%
Aux JO, quelle est la plus petite distance disputée en course à pied ? 100 mètres
62%
Dans quel sport le Français Richard Dacoury s'est-il illustré ? Basket-ball
42%
En 2006, avec quel acteur Charlotte Rampling est-elle en "Désaccord parfait" ? Jean Rochefort
5%
Aucun quiz correspondant
Distribution des résultats
% des personnes avec chaque résultat
Percentile par nombre de réponses
Votre historique - résultats
Vous n’avez pas pris ce quiz